Cómo mejorar un guión : guía práctica para identificar y solucionar problemas de guión /
Guía para reconocer o identificar, definir y resolver problemas de un guión cinematográfico, elaborada por el conocido especialista norteamericano Syd Field. Los problemas de guión son clasificados en tres categorías: proceden o bien de la trama, o del personaje o de la estructura. Field es también...
Guardado en:
| Hovedforfatter: | |
|---|---|
| Format: | Bog |
| Sprog: | spansk |
| Udgivet: |
Madrid, España :
Plot,
2002, c2002
|
| Fag: | |
| Tags: |
Ingen Tags, Vær først til at tagge denne postø!
|
MARC
| LEADER | 00000nam^a2200000^a^4500 | ||
|---|---|---|---|
| 001 | 000156978 | ||
| 005 | 20250521000000.0 | ||
| 009 | 20260310100521.903 | ||
| 020 | |a 84-86702-51-8 | ||
| 037 | |a Acervo ITESO - Biblioteca | ||
| 041 | |a ESP | ||
| 082 | |a 302. 235012 |b FIE | ||
| 100 | |a Field, Syd |e (autor) | ||
| 245 | 1 | 0 | |a Cómo mejorar un guión : |b guía práctica para identificar y solucionar problemas de guión / |c S. Field ; tr. por Martha Heras. |
| 264 | 4 | |a Madrid, España : |b Plot, |c 2002, c2002 | |
| 300 | |a 292 p. | ||
| 336 | |a texto |b txt |2 rdacontenido | ||
| 337 | |a sin mediación |b n |2 rdamedio | ||
| 338 | |a volumen |b nc |2 rdasoporte | ||
| 500 | |a Traducción de: The Screenwriter's Problem Solver | ||
| 520 | |a Guía para reconocer o identificar, definir y resolver problemas de un guión cinematográfico, elaborada por el conocido especialista norteamericano Syd Field. Los problemas de guión son clasificados en tres categorías: proceden o bien de la trama, o del personaje o de la estructura. Field es también autor de El libro del guión, El manual del guionista y Prácticas con cuatro guiones, que han sido éxitos de ventas. Sus propuestas han alcanzado una amplia popularidad y cuentan con numerosos defensores por su carácter pragmático, sus reglas precisas y por establecer unos elementos básicos para la escritura fílmica, aunque también ha recibido criticadas que las consideran una alternativa que entraña una concepción rígida, reduccionista y simplificadora de la dramaturgia cinematográfica. | ||
| 649 | |a XX | ||
| 650 | |a Estructura (Lenguaje Cinematográfico) | ||
| 650 | |a Personajes Cinematográficos | ||
| 650 | |a Ficción (Narrativa) | ||
| 650 | |a Narración (Retórica) | ||
| 650 | |a Guiones Cinematográficos - |x Técnica | ||
| 650 | |a Solución de Problemas | ||
| 650 | |a Creación (Literaria, Artística, etc.) | ||
| 650 | |a Cine Norteamericano - |x Historia y Crítica | ||
| 650 | |a Cine Norteamericano - |y 1980-1989 | ||
| 650 | |a Cine Norteamericano - |y 1990-1999 | ||
| 650 | |a Cine Norteamericano - |y Siglo XX | ||
| 650 | |a Medios Audiovisuales | ||
| 650 | |a Medios de Comunicación | ||
| 650 | |a Comunicación Visual | ||
| 650 | |a Comunicación Masiva | ||
| 910 | |a Fondo General | ||
| 920 | |a Impresos - Libros | ||
| 930 | |a Colección General | ||
| 905 | |a 101 | ||
| 901 | |a 0500085586 |b IT1 |c ACC |u 20250521 | ||
| 902 | |a https://opac.biblio.iteso.mx/vufind/Record/000156978 | ||